000 00548nam a2200217Ia 4500
003 OSt
005 20221005124840.0
006 a|||||r|||| 00| 0
007 ta
008 221004b |||||||| |||| 00| 0 tam d
024 _a51715
037 _cTextual
040 _aCRL
_cCRL
_btam
041 _2tam
_atam
082 _aV21y7NSU, 31M5.2
100 _aSundaravadivelu
_9224744
245 0 _aNinaivn alaigal
650 _aHISTORY
942 _hV21y7NSU, 31M5.2
_cTEXL
_2cc
999 _c1051867
_d1051867